| 000 | 00492nam a2200157 i 4500 | ||
|---|---|---|---|
| 001 | 32371 | ||
| 003 | ES-MaACL | ||
| 005 | 20230906154548.0 | ||
| 007 | t| | ||
| 008 | 030131s1971 sp ||||1| spa d | ||
| 100 | 1 |
_aBenito de Lucas, Joaquín. _927672 |
|
| 245 | 1 | 3 |
_aEl tema mariano en la poesía castellana de la Edad Media / _cJoaquín Benito de Lucas. |
| 260 |
_aMadrid : _bFacultad de Filosofía y Letras, _c1971. |
||
| 300 |
_a41 p. ; _c20 cm. |
||
| 852 |
_aES-MaACL _j2123-F-1 _bR.103775 |
||
| 999 |
_c32371 _d32371 |
||